000
00295nam a22001337a 4500
003
OSt
005
20251125152219.0
008
251125b |||||||| |||| 00| 0 eng d
040
_c
IIMT University
245
_a
Test title
260
_a
Delhi
_b
TMH
_c
29/10/2025
300
_a
224
942
_2
ddc
_c
02
999
_c
66792
_d
66792